000 00293nam a2200133Ia 4500
008 190216s9999||||xx |||||||||||||| ||und||
100 _aR.K Sharma
245 0 _aManagement Accounting
250 _a2nd Ed.
260 _bKalyani Pub
_c2001
300 _a680
650 _aCommerce
942 _cBK
999 _c8266
_d8266